[Event "E Women's Grand Prix | Second Leg 2022/23"]
[Site "Chess.com"]
[Date "2023.02.13"]
[Round "11"]
[White "Zhu, Jiner"]
[Black "Kosteniuk, Alexandra"]
[Result "1-0"]
[WhiteElo "2486"]
[BlackElo "2519"]
[EventDate "2023.??.??"]
[Annotator "rafael"]
[PlyCount "127"]
[Beauty "6185423997962"]
[EventType "swiss"]
[EventRounds "11"]
[EventCountry "FID"]
[TimeControl "5400+30"]

1.d4 Nf6 2.c4 e6 3.Nc3 Bb4 4.e3 O-O 5.Bd3 d5 6.a3 Bxc3+ 7.bxc3 dxc4 8.Bxc4 c5 9.Ne2 {The advantage of this move over the more natural development of the knight on f3 is that it can now go to g3, supporting the advance of the e-pawn.} ( 9.Nf3 ) 9...Qc7 10.Ba2 ( 10.Bd3 {This retreat is more popular these days, but 10.Ba2 was played twice by Caruana this year.} ) 10...b6 11.O-O Ba6 {An excellent diagonal for the bishop.} ( 11...Bb7 {This development is also natural, but the bishop is somewhat limited when White plays f3.} 12.Ng3 ) 12.Re1 Nc6 13.Ng3 Rfd8 14.Rb1 {This move was a novelty by Caruana, and the idea becomes clear in a moment.} 14...Rac8 15.Rb2 $1 {[%c_effect b2;square;b2;type;GreatFind;persistent;true] This is the idea: the rook prepares to travel to d2 and defend the d4-pawn, thus enabling the e3-e4 advance. This idea is known from many openings, including the Nimzo-Indian itself, although the rooknormally travels from a2. This is one of the secrets of high-level chess—using similar ideas in different positions. Giri used the same pattern in his excellent win against Gukesh in the Tata Steel tournament.} 15...e5 $6 {[%c_effect e5;square;e5;type;Inaccuracy;persistent;true] Only now does the game deviate from Caruana's previous experiences, but this novelty is a mistake.} ( 15...h6 16.f4 Na5 17.e4 cxd4 18.cxd4 Qd7 19.Rd2 Bc4 20.Bxc4 Rxc4 21.Bb2 Qa4 {Caruana-Sevian, St. Louis 2022.} ) ( 15...Na5 16.e4 cxd4 17.cxd4 {with some initiative for White in Caruana-Nepomniachtchi, St. Louis (rapid) 2022.} ) 16.d5 e4 {Otherwise White plays e4. Black prepares to drive the knight to d3, but White avoids this with her next move.} 17.Qa4 $1 {[%c_effect a4;square;a4;type;GreatFind;persistent;true]} 17...Na5 {A sad necessity. This is the only way to defend both attacked pieces.} 18.c4 {Strategically, the position is very dangerous for Black, as White has the bishop pair and a protected passed pawn. Furthermore, the black pieces on the queenside find it difficult to participate in the game. White's plan is simple: take the rook off b2 and put a bishop in its place. Black needs to act quickly.} 18...h5 $5 {[%c_effect h5;square;h5;type;Interesting;persistent;true]} ( 18...Ng4 $5 {[%c_effect g4;square;g4;type;Interesting;persistent;true] is another attempt, but it seems insufficient to solve the problems after} 19.Bd2 ) 19.f4 $6 {[%c_effect f4;square;f4;type;Inaccuracy;persistent;true] I liked this move very much the first time I saw it. Black cannot capture this pawn, and as a result, White's structure improves even further. But the computer disagrees and proves this to be a mistake.} ( 19.f3 $1 {[%c_effect f3;square;f3;type;GreatFind;persistent;true] This is the correct move as White manages to organize a surprisingly strong attack, for instance:} 19...h4 ( 19...Re8 20.Rf2 $1 {[%c_effect f2;square;f2;type;GreatFind;persistent;true]} ) 20.Nxe4 Nxe4 21.fxe4 Re8 ( 21...Qe5 22.Rf2 Qxe4 23.Rf4 {is also much better for White.} ) 22.Rf2 $1 {[%c_effect f2;square;f2;type;GreatFind;persistent;true]} 22...Rxe4 23.Bb1 Rxc4 24.Qd1 {The white pieces have enormous potential, even though they are on seemingly harmless squares. After all, this is precisely one of the advantages of the bishop pair: they are long-ranged pieces.} ) 19...Qd7 $6 {[%c_effect d7;square;d7;type;Inaccuracy;persistent;true] Not such a bad move, but there is a better option.} ( 19...exf3 $2 {[%c_effect f3;square;f3;type;Mistake;persistent;true] This is suicide. After} 20.gxf3 {The rook is ready to go to g2, supporting troops that might include a knight on f5, a bishop on b2, a queen on c2, and a bishop on b1. It's scary just thinking about it.} ) ( 19...h4 $1 {[%c_effect h4;square;h4;type;GreatFind;persistent;true] solves all the problems.} 20.Nf5 Qd7 $1 {[%c_effect d7;square;d7;type;GreatFind;persistent;true]} 21.Qxd7 Rxd7 22.Rc2 ( 22.Nxh4 $2 {[%c_effect h4;square;h4;type;Mistake;persistent;true]} 22...Bxc4 ) 22...b5 {Black has adequate counterplay as the pawn chain is broken.} ) 20.Qxd7 $6 {[%c_effect d7;square;d7;type;Inaccuracy;persistent;true]} ( 20.Qc2 $1 {[%c_effect c2;square;c2;type;GreatFind;persistent;true] It's better to keep the queens on the board since there's attacking potential.} 20...Re8 21.Bd2 h4 22.Nf1 ( 22.Nh1 $5 {[%c_effect h1;square;h1;type;Interesting;persistent;true]} ) 22...Nb7 23.Bc3 {with an advantage for White.} ) 20...Rxd7 21.Rc2 h4 ( 21...b5 {is a typical move, breaking the pawn structure. After} 22.Bb2 h4 $1 {[%c_effect h4;square;h4;type;GreatFind;persistent;true]} 23.Nf5 ( 23.Bxf6 hxg3 $1 {[%c_effect g3;square;g3;type;GreatFind;persistent;true]} ) 23...Nxc4 24.Bxc4 bxc4 25.Bxf6 gxf6 26.d6 Rb8 {we arrive at a complex endgame where Black's chances are not worse.} ) 22.Nf5 Ne8 $1 {[%c_effect e8;square;e8;type;GreatFind;persistent;true] The knight heads to d6 to attack the c4-pawn.} 23.Bb2 ( 23.Nxh4 $2 {[%c_effect h4;square;h4;type;Mistake;persistent;true]} 23...Nd6 ) 23...f6 24.Rec1 Kf7 25.Kf2 ( 25.Nxh4 Nd6 26.g4 {Similar to the game, but now Black has} 26...Rh8 $1 {[%c_effect h8;square;h8;type;GreatFind;persistent;true]} 27.Ng2 Bxc4 28.Bxc4 ( 28.Rxc4 Ndxc4 29.Rxc4 Nxc4 30.Bxc4 b5 $1 {[%c_effect b5;square;b5;type;GreatFind;persistent;true]} 31.Ba2 ( 31.Bxb5 Rb7 ) 31...c4 {The d5-pawn falls and Black is winning.} ) 28...Ndxc4 29.Rxc4 Nxc4 30.Rxc4 Rxd5 {This exchange on c4 is Black's main idea. This endgame is winning, as the rooks are much better than the minor pieces.} ) 25...Rcc7 $2 {[%c_effect c7;square;c7;type;Mistake;persistent;true] This is a clear mistake. This is a very unfortunate square for the rook.} ( 25...g6 $1 {[%c_effect g6;square;g6;type;GreatFind;persistent;true] is the most accurate. The idea is} 26.Nxh4 ( 26.Nh6+ {is better.} ) 26...Nd6 27.g4 Bxc4 $1 {[%c_effect c4;square;c4;type;GreatFind;persistent;true] This is similar to the game, but we can see the difference in the variation:} 28.Rxc4 Naxc4 29.Rxc4 $2 {[%c_effect c4;square;c4;type;Mistake;persistent;true]} ( 29.Bxc4 Nxc4 30.Rxc4 Rxd5 {is better for Black.} ) 29...Nxc4 30.Bxc4 b5 $1 {[%c_effect b5;square;b5;type;GreatFind;persistent;true] And now, compared to the game, the b5-pawn cannot be taken.} ) ( 25...Nd6 {is a simple solution.} 26.Nxd6+ Rxd6 {A draw is the most likely result, but I'd rather play Black.} ) 26.Nxh4 Nd6 27.g4 $1 {[%c_effect g4;square;g4;type;GreatFind;persistent;true]} 27...Naxc4 28.Rxc4 $1 {[%c_effect c4;square;c4;type;GreatFind;persistent;true] It's vital for White to capture this knight the right way.} ( 28.Bxc4 $2 {[%c_effect c4;square;c4;type;Mistake;persistent;true]} 28...Nxc4 29.Rxc4 Bxc4 30.Rxc4 Rxd5 {with a double-edged endgame. Positions with a rook against two minor pieces can be hard to evaluate correctly.} ) 28...Bxc4 29.Rxc4 $1 {[%c_effect c4;square;c4;type;GreatFind;persistent;true] Kosteniuk probably underestimated this move.} 29...Nxc4 30.Bxc4 {The three pieces, together with the d-pawn, create dangerous threats.} 30...b5 31.Bxb5 {If the black rook were on c8, as it had been for a long time, then 31...Rb7 would win here. There are so many \"ifs\" in life—this is just one more.} 31...Rb7 32.Bxd7 Rxd7 33.Nf5 Rxd5 34.Ke2 {The endgame is easily winning. Kosteniuk has escaped many difficult positions throughout the tournament, but this time she finally fails. But she still ended up achieving what really mattered—the tournament victory.} 34...g6 35.Nh6+ Ke6 36.f5+ gxf5 37.gxf5+ Ke7 38.h4 c4 39.Ng8+ Kf7 40.Nxf6 Rxf5 41.Nxe4 Rh5 42.Nd6+ Ke6 43.Nxc4 Rxh4 {The best that could happen for Black here would be to end up with a king, bishop, and knight versus king endgame. What do you do in these positions $2 Do you continue playing to see if your opponent knows how to mate $2 I would resign right away, but I've always been a pessimist.} 44.Bd4 Kd5 45.Kd3 Rg4 46.Nd2 Kc6 47.Ne4 a5 48.Nc3 Rg1 49.Kc4 Ra1 50.Kb3 Kb7 51.Ka4 Ka6 52.Ne4 Rb1 53.Nc5+ Kb6 54.Nb3+ Ka6 55.Bc3 ( 55.Nxa5 $4 {[%c_effect a5;square;a5;type;Blunder;persistent;true] In chess, there's always room for one more blunder.} 55...Rb4+ $3 {[%c_effect b4;square;b4;type;Brilliant;persistent;true] with a curious stalemate.} ) 55...Rh1 56.Bxa5 Rh5 57.Bb4 Kb6 58.Nd4 Rh3 59.Nc2 Kc6 60.Kb3 Kd5 61.Kc3 Ke4 62.Bc5 Rh8 63.a4 Kd5 64.Bb6 1-0

[Event "Pro Chess League 2023"]
[Site "Chess.com"]
[Date "2023.02.14"]
[Round "4"]
[White "Mamedyarov, Shakhriyar"]
[Black "Sevian, Samuel"]
[Result "0-1"]
[WhiteElo "2740"]
[BlackElo "2687"]
[EventDate "2023.??.??"]
[Annotator "rafael"]
[PlyCount "58"]
[Beauty "8249021588053"]
[EventType "schev"]
[EventRounds "3"]
[TimeControl "300+2"]

1.d4 Nf6 2.c4 e6 3.Nf3 d5 4.Nc3 c6 5.e3 Nbd7 6.Bd3 dxc4 7.Bxc4 b5 8.Bd3 a6 9.e4 c5 10.e5 {It's been a while since I've seen a game in this line, which is one of the most critical of the Semi-Slav Defense and was crucial for Anand's victory in the world championship match against Kramnik in 2008.} 10...cxd4 11.Nxb5 axb5 12.exf6 gxf6 13.O-O Qb6 14.Qe2 Bb7 {This is the move that Anand's team analyzed in detail and that surprised Kramnik.} 15.Bxb5 Rg8 ( 15...Bd6 {In the third game of the match, Anand chose this move.} 16.Rd1 Rg8 17.g3 Rg4 {With an extremely complicated game, which ended in victory for Black. Further analysis has shown that White has the upper hand here with the difficult move 18.b4 !. Kramnik-Anand, Bonn 2008.} ) 16.Rd1 ( 16.Bf4 {This move was played in the fifth game of the Kramnik-Anand match, when the players continued their theoretical battle. Once again the Indian GM emerged victorious.} 16...Bd6 17.Bg3 f5 18.Rfc1 f4 19.Bh4 Be7 {With a tense position. Kramnik-Anand, Bonn 2008.} ) 16...Ra5 $1 {[%c_effect a5;square;a5;type;GreatFind;persistent;true] Sevian had played all this before in a 2016 game.} 17.a4 $2 {[%c_effect a4;square;a4;type;Mistake;persistent;true] Mamedyarov must have been surprised at the opening as this move is refuted.} ( 17.Bxd7+ {is required, and the game ends in a draw after} 17...Kxd7 18.Rxd4+ Qxd4 $1 {[%c_effect d4;square;d4;type;GreatFind;persistent;true]} 19.Nxd4 Bxg2 $1 {[%c_effect g2;square;g2;type;GreatFind;persistent;true] This was played in the correspondence game Ramponelli-Kroes, 2011. Perpetual check is unavoidable, for example:} 20.Qd2 ( 20.Qe3 {Is another attempt, but I'm showing this line just because of a nice checkmate I found in the analysis.} 20...Bh3+ 21.Kh1 Bg2+ ( 21...Rag5 $2 {[%c_effect g5;square;g5;type;Mistake;persistent;true]} 22.Ne2 $4 {[%c_effect e2;square;e2;type;Blunder;persistent;true]} ( 22.f4 $1 {[%c_effect f4;square;f4;type;GreatFind;persistent;true] is winning.} ) 22...Rg1+ $3 {[%c_effect g1;square;g1;type;Brilliant;persistent;true] This hurts.} 23.Nxg1 Bg2# {An exotic mate !} ) ( 21...Re5 $5 {[%c_effect e5;square;e5;type;Interesting;persistent;true] is also possible.} ) ) 20...Bh3+ 21.Kh1 Bg2+ {with a draw.} ) 17...Rxb5 $1 {[%c_effect b5;square;b5;type;GreatFind;persistent;true] This is Black's idea. The bishop is captured so that the knight can go to e5.} 18.axb5 Ne5 19.Ne1 $6 {[%c_effect e1;square;e1;type;Inaccuracy;persistent;true] Only now is there a change from Sevian's previous game.} ( 19.Nxe5 Rxg2+ 20.Kf1 fxe5 21.Qxe5 Bc5 {Black had a strong attack in Andersen-Sevian, Stockholm 2015.} ) 19...Bb4 $1 {[%c_effect b4;square;b4;type;GreatFind;persistent;true] This natural move is a novelty and wins the game.} ( 19...Qc5 $2 {[%c_effect c5;square;c5;type;Mistake;persistent;true]} 20.Bf4 {was played in Sarkar-Wang, Washington 2012.} ) 20.Bd2 d3 $1 {[%c_effect d3;square;d3;type;GreatFind;persistent;true]} 21.Qh5 {Other queen moves also lose.} ( 21.Qe3 Bc5 22.Qf4 Bxg2 {There are other winning moves as well.} 23.Nxg2 Qb7 $1 {[%c_effect b7;square;b7;type;GreatFind;persistent;true]} 24.Qg3 Rxg3 25.hxg3 Nf3+ 26.Kf1 Qxb5 {Black wins.} ) ( 21.Qf1 Bxd2 22.Rxd2 Rxg2+ $1 {[%c_effect g2;square;g2;type;GreatFind;persistent;true]} 23.Qxg2 ( 23.Nxg2 Nf3+ 24.Kh1 Qd6 $1 {[%c_effect d6;square;d6;type;GreatFind;persistent;true] and Black wins.} ) 23...Bxg2 24.Kxg2 Qxb5 {with a winning position.} ) 21...Ng4 $1 {[%c_effect g4;square;g4;type;GreatFind;persistent;true]} 22.Qh4 {The lesser evil.} ( 22.Bxb4 Qxf2+ 23.Kh1 Qf1# ) ( 22.Nxd3 Nxf2 23.Nxf2 Rxg2+ ) 22...Nxf2 $1 {[%c_effect f2;square;f2;type;GreatFind;persistent;true]} 23.Be3 ( 23.Qxf2 Bc5 {loses the queen.} ) 23...Qxe3 24.Qxf2 Qe4 ( 24...Qe2 {is also very good.} ) 25.Rd2 Rg5 $5 {[%c_effect g5;square;g5;type;Interesting;persistent;true] Another black rook that acts in a curious way in this game.} 26.Ra4 Bc5 ( 26...Rf5 $1 {[%c_effect f5;square;f5;type;GreatFind;persistent;true] is a bit more accurate, but the move played in the game is a natural human reaction.} 27.Nf3 ( 27.Rxb4 Rxf2 28.Rxe4 Rxd2 {with an easily winning endgame.} ) 27...Rc5 $1 {[%c_effect c5;square;c5;type;GreatFind;persistent;true] The attack continues.} ) 27.Rxe4 Bxe4 28.Nxd3 ( 28.Qxc5 {is more stubborn.} 28...Rxc5 29.b6 ( 29.Nxd3 $6 {[%c_effect d3;square;d3;type;Inaccuracy;persistent;true]} 29...Rd5 30.b6 Kd8 $1 {[%c_effect d8;square;d8;type;GreatFind;persistent;true]} 31.b7 Kc7 32.Rc2+ Kb8 $1 {[%c_effect b8;square;b8;type;GreatFind;persistent;true] and the knight is lost.} ) 29...Rb5 30.Nxd3 Rxb6 {Black still has some work to do before taking home the point.} ( 30...Bxd3 {gives White some chances in the rook endgame after} 31.Rxd3 Rxb2 32.Rh3 $1 {[%c_effect h3;square;h3;type;GreatFind;persistent;true]} ) ) 28...Bxf2+ 29.Kxf2 ( 29.Nxf2 {is the last chance, although the endgame is totally lost after} 29...Bxg2 30.h4 Rg8 31.Kh2 Ke7 ) 29...Rxg2+ {Black can liquidate into a winning pawn endgame.} ( 29...Rxg2+ 30.Ke3 Rxd2 31.Kxd2 Bxd3 32.Kxd3 Kd7 {-+} ) 0-1